| 000 | 00357nam a2200133Ia 4500 | ||
|---|---|---|---|
| 005 | 20251222143239.0 | ||
| 008 | 251222s9999||||xx |||||||||||||| ||spa|| | ||
| 020 | _a950-507-570-7 | ||
| 082 | _a370.15/O74 | ||
| 100 | _aOrtiz de Maschwitz, Elena María | ||
| 245 | 0 | _aInteligencias Múltiples en la Educación de la Persona | |
| 264 | _bBorum | ||
| 942 | _cLIB | ||
| 999 |
_c14497 _d14497 |
||